000 04406 a2200505 4500
001 23795293
003 0000
005 20251016145055.0
006 m |o d |
007 cr_|||||||||||
008 240701s2025 enk ob 001 0 eng
010 _a 2024029949
020 _a9781009394642
035 _a23795293
040 _aDLC
_beng
_cDLC
_erda
042 _apcc
050 0 0 _aRC 731
060 0 0 _aWF 140.3
082 0 0 _a616.2
_223/eng/20240723
100 _4Grob, Martin
245 0 0 _aClinical neurorespiratory medicine /
_cedited by Martin Gross, Eelco F. Wijdicks, Maxwell Damian, Oliver Summ.
263 _a2410
264 1 _aCambridge, United Kingdom ;
_aNew York, NY :
_bCambridge University Press,
_c2025.
300 _axi, 354 Pages
336 _atext
_btxt
_2rdacontent
337 _acomputer
_bc
_2rdamedia
338 _aonline resource
_bcr
_2rdacarrier
500 _aIncludes bibliographical references and index.
504 _aIncludes bibliographical references and index.
505 0 _a
588 _aDescription based on print version record and CIP data provided by publisher; resource not viewed.
650 1 2 _aRespiration Disorders
_xtherapy
650 2 2 _aRespiratory Physiological Phenomena
650 2 2 _aNervous System Diseases
_xtherapy
650 2 2 _aRespiratory Therapy
650 2 2 _aAirway Management
700 1 _aGross, Martin,
_cDr. med.,
_eeditor.
700 1 _aWijdicks, Eelco F. M.,
_d1954-
_eeditor.
700 1 _aDamian, Maxwell,
_eeditor.
700 1 _aSumm, Oliver,
_eeditor.
776 0 8 _iPrint version:
_tClinical neurorespiratory medicine
_dCambridge, United Kingdom ; New York, NY : Cambridge University Press, 2025
_z9781009394642
_w(DLC) 2024029948
906 _a7
_bcbc
_corignew
_d1
_eecip
_f20
_gy-gencatlg
942 _2lcc
_cBK
999 _c43844
_d43844